000 00356nam a2200169Ia 4500
100 _aSteinmetz/Ralf/ Nahrstedt/Klara
650 _aMultimedia
942 _cRB
366 _f25
654 _amultimedia
245 _aMultimedia applications
260 _bSpringer
_c2004
082 _a5.133
_bSTE
300 _a245
546 _aENGLISH
999 _c26298
_d26298